000 00846nam a2200217 i 4500
001 16438
003 ES-MaACL
005 20250830072222.0
007 t|
008 000920s1945 sp ||||1| spa d
080 _a27(463.01)"12"
100 1 _aMansilla Reoyo, Demetrio.
_976126
245 1 0 _aIglesia castellano-leonesa y curia romana en los tiempos del rey San Fernando
_b: estudio documental sacado de los registros vaticanos /
_cpor Demetrio Mansilla Reoyo.
260 _aMadrid :
_bConsejo Superior de Investigaciones Científicas, Instituto Francisco Suarez,
_c1945.
300 _aXV, 377, XVIII-XLVI p. ;
_c25 cm.
610 2 4 _aIglesia Católica-
_zCastilla-León
_94640
710 2 _aInstituto "Francisco Suárez"
_95062
852 _aES-MaACL
_jG-2174
_bR.126307
852 _aES-MaACL
_jB-10198
_bR.21590
999 _c16438
_d16438